Projekt ako nástroj zmeny v podniku diplomová práca

Salvato in:
Dettagli Bibliografici
Autore principale: Wachterová, Alexandra
Ente Autore: Fakulta podnikového manažmentu EU. Katedra manažmentu
Altri autori: Majtán, Miroslav
Natura: Libro
Lingua:slovacco
Pubblicazione: Bratislava 2010
Tags: Aggiungi Tag
Nessun Tag, puoi essere il primo ad aggiungerne!!

MARC

LEADER 00000nam a2200000 4500
001 0119952
005 20240318123303.3
041 0 |a slo 
044 |a SK 
245 1 0 |a Projekt ako nástroj zmeny v podniku  |b diplomová práca  |c Alexandra Wachterová ; škol. Miroslav Majtán 
264 1 |a Bratislava  |c 2010 
300 |a 96 s. 
100 1 |a Wachterová, Alexandra 
700 1 |a Majtán, Miroslav 
710 2 |a Fakulta podnikového manažmentu EU. Katedra manažmentu